History Quiz

Random History or Art Quiz

Click the Ancient Wonders Quiz Stats

Quiz Updated Jun 13, 2016

Challenge
Share
Tweet
Score 0/7 Timer 01:00
12 Plays Today
% Correct
Great Pyramid of Giza
98.4%
Hanging Gardens of Babylon
96%
Lighthouse of Alexandria
92.9%
Statue of Zeus at Olympia
90.4%
Colossus of Rhodes
85.1%
Mausoleum at Halicarnassus
75.8%
Temple of Artemis at Ephesus
73%

You're not logged in!

Compare scores with friends on all Sporcle quizzes.
Join for Free
OR
Log In

You Might Also Like...

Show Comments

Extras

Top Quizzes Today


Score Distribution

Your Account Isn't Verified!

In order to create a playlist on Sporcle, you need to verify the email address you used during registration. Go to your Sporcle Settings to finish the process.

Report this User

Report this user for behavior that violates our Community Guidelines.

Details: